Datum a čas kvízu
29
Celkem bodů
Celkový počet nahraných bodů na tomto kvízu bez doplňovacích otázek.
7.
Pořadí na kvízu
Konečné umístění týmu na tomto kvízu.
Zaznamenané odpovědi
| # | Otázka | Odpověď | Body | Výsledky |
|---|---|---|---|---|
| 1. | U jednoho nově otevřeného obch... | pro ženy | 1 | |
| 2. | Britský královský pár minulou... | Řím | 1 | |
| 3. | Po více než třiceti letech se... | Karavan | 0 | |
| 4. | Americká genetická společnost... | Hra o trůny, pravlk | 0 | |
| 5. | Obhajoba titulu v Lize mistrů... | Arsenal FC, 0:3 | 0 | |
| 6. | Dovtípíte se, co bylo objeveno... | Velikonoční ostrov | 1 | |
| 7. | S Velikonocemi je spojena řada... | o holubici | 1 | |
| 8. | Velký pátek je v České republi... | 2016 (2015–2017) | 1 | |
| 9. | Dny, které jsou nějak spojené... | 1C 2B 3D 4A | 1 | |
| 10. | Australané nejsou vzhledem k t... | bandikut (králíkovitý) | 0 |